000 00200 a2200097 4500
001 6999
100 _aLane, L
245 _aServicing transistor radios
260 _a
_bIliffe
_c
090 _c5782
_d5782
942 _aNUST-CAE
_cM
_c32247
999 _c242072
_d242072